000 00313nam a22001457a 4500
008 210303b ||||| |||| 00| 0 eng d
020 _a0673147606
041 _aeng
080 _a038
082 _a038
100 _a23
101 _aFJA
245 _aPromenades et Perspectives
_cValdman, A
942 _2udc
_cBK
999 _c55626
_d55626